000 00996nam a22002537a 4500
001 5047
003 FISKH
005 20241101152400.0
008 241101b cb ||||| |||| 00| 0 eng d
020 _a9780439900386
040 _aFISKH
_beng
_cFISKH
_dFISKH
050 _aBJ1661.C2965
082 _a158.1
100 _aCanfield, Jack
245 _aChicken Soup for the Teenage Soul :
_bThe Real Deal Challenges: Stories about Disses, Losses, Messes, Stresses & More /
_cby Jack Canfield, Mark Victor Hansen, Deborah Reber
250 _aFirst Scholastic printing, September 2006
260 _aNew York :
_bScholastic ;
_c2006 .
300 _a268 pages :
_bcolor illustrations ;
_c22 cm .
520 _aTeenagers share stories about some of the challenges they have faced in life and how they survived them. Includes facts, tips, advice, and quizzes.
650 _ainspirational
_vnon-fiction
700 _aOldfield, Lawna Patterson
_eBook designer
942 _2ddc
_cBK
_n0
999 _c5047
_d5047